000 01062nam a22002177a 4500
003 OSt
005 20191213162541.0
008 150407b xxu||||| |||| 00| 0 eng d
040 _cCRI
082 _a659.111
100 _941055
_aLópez Guerra, Nidia Mabel
245 1 0 _aCreación de un plan para mejorar el posicionamiento en el mercado de la caja de crédito de Sensuntepeque como socia autónoma del sistema fedecredito
_b: Proyecto
_cNidia Mabel López Guerra, Ana Jocelyn Saravia Vásquez, Josselyn Yessenia Serrano Sánchez
260 _aIlobasco (Cabañas)
_bUniversidad Católica de El Salvador
_c2015
300 _a90 p.
_c27.5 cm
_e+ 1 disco compacto
502 _aTrabajo de graduación para optar al grado académico de Licenciado en Mercadeo y Negocios Internacionales
650 0 _927571
_aPlanificación de medios publicitarios
700 _941056
_aSaravia Vásquez, Ana Jocelyn
700 _941058
_aSerrano Sánchez, Josselyn Yessenia
710 _940915
_aUniversidad Católica de El Salvador
_bCentro Regional de Ilobasco
942 _2ddc
_cTG
999 _c27535
_d27535